| 000 | 00652nam a2200181Ia 4500 | ||
|---|---|---|---|
| 008 | 090124s9999 xx 000 0 und d | ||
| 082 | _b37455 | ||
| 100 | _aमाडगूऴकर व्यंकटेश | ||
| 245 | _a पति गेले ग काठेवाडी | ||
| 250 | _a1 | ||
| 260 |
_bशब्द प्रकाशन _c2000 |
||
| 300 | _a79 | ||
| 600 | _aमाडगूऴकर व्यंकटेश | ||
| 630 | _a पति गेले ग काठेवाडी | ||
| 700 | _aमाडगूऴकर व्यंकटेश | ||
| 730 | _a पति गेले ग काठेवाडी | ||
| 942 | _cBOOK | ||
| 999 |
_c103429 _d103429 |
||